000
00275nam a2200109Ia 4500
008
200302s9999 xx 000 0 und d
100
_a
David Pearson
245
_a
In Search of natural Architecture
260
_b
Gaia Books Publishing Group
260
_c
2005
300
_a
159 P.,
999
_c
5092
_d
5092